Dans quel album de Tintin apparaissent ces lieux ? (3) - Statistiques

Statistiques générales
  • Ce quiz a été pris 44 fois
  • Le résultat moyen est 12 sur 41
Statistiques - réponses
Hint Explanation Réponse % Correct
Observatoire de Bruxelles L'Étoile mystérieuse
73%
Monastère de Khor-Biyong Tintin au Tibet
73%
Carreidas 160 avion Vol 714 pour Sydney
60%
Pachacamac Le Temple du Soleil
53%
Sussex L'Île Noire
53%
Aux gangsters réunis Tintin en Amérique
53%
Nyon L'Affaire Tournesol
47%
Aéroport de Genève-Cointrin L'Affaire Tournesol
47%
Château Kropow Le Sceptre d'Ottokar
47%
Palais du Rawhajpoutalah Les cigares du pharaon
47%
Sondonésie Vol 714 pour Sydney
47%
Hôtel Sznôrr L'Affaire Tournesol
40%
Djebel Amilah Bateau Le Crabe aux pinces d'or
40%
Karaboudjan Le Crabe aux pinces d'or
40%
Las Dopicos L'Oreille cassée
40%
Hasch El Hemm Tintin au pays de l'or noir
40%
Redskincity Tintin en Amérique
40%
SS Ramona Bateau Coke en Stock
33%
Hôtel Cristóbal Colón Le Temple du Soleil
33%
Eastdown L'Île Noire
33%
Gare de Santa-Clara Le Temple du Soleil
27%
Musée d'ethnographie de Bruxelles L'Oreille cassée
27%
Ile de Pulau-Pulau Bompa Vol 714 pour Sydney
27%
Rue de la Tranquillité Le lotus bleu
20%
Harika Maru Bateau Le lotus bleu
20%
Îles Sanguinaires Tintin et l'Alph-Art
20%
MS Époméo Bateau Les cigares du pharaon
13%
Wadesdah Tintin au pays de l'or noir
13%
Aéroport de Tempelhof Tintin au pays des Soviets
13%
Massif du Gosainthan Tintin au Tibet
13%
L'Epée de Damoclès Tintin en Amérique
13%
Aéroport de Kemayoran Vol 714 pour Sydney
13%
Aéroport de Wadesdah Coke en Stock
7%
MS Shéhérazade Bateau Coke en Stock
7%
SS Ranchi Bateau Le lotus bleu
7%
24 de la rue du Vol à Voile Le Sceptre d'Ottokar
7%
Sereno Bateau Les cigares du pharaon
7%
Charahbang Tintin au Tibet
7%
SS Kentucky Star Bateau L'Étoile mystérieuse
0%
Akureyri L'Étoile mystérieuse
0%
Prince Baudouin Bateau L'Île Noire
0%
Aucun quiz correspondant
Distribution des résultats
% des personnes avec chaque résultat
Percentile par nombre de réponses
Votre historique - résultats
Vous n’avez pas pris ce quiz